| 000 | 01103nam0a22003371 4500 | ||
|---|---|---|---|
| 001 | v19\rc\1866124 | ||
| 005 | 20251118180216.1 | ||
| 035 | _a(NLR Aleph) 004958403 | ||
| 090 |
_a5957459 _c5957459 |
||
| 100 | _a20080221d1909 |||y0rusy50 ca | ||
| 101 | 0 | _arus | |
| 102 | _aRU | ||
| 105 | _ay z ||||| | ||
| 200 | 1 |
_aКурс международного гражданского процессуального права _fПрив.-доц. Т.М. Яблочков |
|
| 210 |
_aЯрославль _cтип. Губ. правл. _d1909 |
||
| 215 |
_aVIII, 212 с. _d26 |
||
| 320 | _aБиблиогр. в предисл. и в начале отд. гл. | ||
| 700 | 1 |
_aЯблочков _bТ. М. _f1880-1926 _gТихон Михайлович |
|
| 801 | 0 |
_aRU _bNLR _gpsbo |
|
| 801 | 0 |
_aRU _bRuMoRGB _2psbo |
|
| 801 | 1 |
_aRU _bProSoft-M _2rusmarc |
|
| 852 |
_aNLR _j38.18.3.9 |
||
| 899 |
_aRuMoRGB _jU 51/25 |
||
| 899 |
_aRuMoRGB _jT 52/221 |
||
| 899 |
_aRuMoRGB _jКл 1/320 |
||
| 899 | _aБАН | ||
| 899 | _aНБ СПбГУ | ||
| 899 | _aГПИБ | ||
| 899 | _aНБ МГУ | ||
| 942 | _cBOOK | ||
| 980 | _aNB | ||